| 000 | 00445nam a2200181Ia 4500 | ||
|---|---|---|---|
| 001 | 21278 | ||
| 005 | 20260306172907.0 | ||
| 008 | 260306t2015||||xx |||||||||||||| ||spa|| | ||
| 041 | _aESP | ||
| 082 |
_a344.522 _bN75 |
||
| 100 |
_aNoguera Ramos, Iván _eAUT |
||
| 245 | 0 | _aViolación de la libertad e indemnidad sexual | |
| 260 | _c2015 | ||
| 300 |
_a733 páginas : _c25 cm. |
||
| 650 | _aGEN | ||
| 654 | _aCDE | ||
| 942 |
_cLIB _dJUS _fJUS _2ddc _n |
||
| 999 |
_c21278 _d21278 |
||